Annual Abstract of Statistics 1997
Uložené v:
| Médium: | Kniha |
|---|---|
| Jazyk: | English |
| Vydavateľské údaje: |
London
The Stationery Office
1997
|
| Vydanie: | 1. ed. |
| Predmet: | |
| Tagy: |
Žiadne tagy, Buďte prvý, kto otaguje tento záznam!
|
MARC
| LEADER | 00000nam a2200000 4500 | ||
|---|---|---|---|
| 001 | c018243 | ||
| 005 | 20230314081503.0 | ||
| 020 | |a 0-11-620778-7 | ||
| 041 | 0 | |a eng | |
| 044 | |a GB | ||
| 245 | 1 | 0 | |a Annual Abstract of Statistics 1997 |
| 250 | |a 1. ed. | ||
| 264 | 1 | |a London |b The Stationery Office |c 1997 | |
| 300 | |a 416 s. | ||
| 610 | 2 | 0 | |a Veľká Británia |
| 610 | 2 | 0 | |a populácia |
| 610 | 2 | 0 | |a zabezpečenie sociálne |
| 610 | 2 | 0 | |a zdravotníctvo |
| 610 | 2 | 0 | |a zamestnanosť |
| 610 | 2 | 0 | |a výroba |
| 610 | 2 | 0 | |a vzdelávanie |
| 610 | 2 | 0 | |a poľnohospodárstvo |
| 610 | 2 | 0 | |a rybárstvo |
| 610 | 2 | 0 | |a doprava |
| 610 | 2 | 0 | |a obchod |
| 610 | 2 | 0 | |a bankovníctvo |